| 000 | 00708nam a2200241Ia 4500 | ||
|---|---|---|---|
| 003 | OSt | ||
| 005 | 20220927105343.0 | ||
| 006 | a|||||r|||| 00| 0 | ||
| 007 | ta | ||
| 008 | 220926b |||||||| |||| 00| 0 eng d | ||
| 020 | _a9780195979763 | ||
| 024 | _a196173 | ||
| 037 | _cReference Collections | ||
| 040 |
_aRTL _cRTL _beng |
||
| 041 |
_2eng _aeng |
||
| 082 | _a"Y:3(NA)v.44Q743, P7" | ||
| 100 |
_aCHEEMA Yasmin _9371900 |
||
| 245 | 0 | _aHistorical quarters of Karachi. | |
| 260 |
_a"Karachi," _b"Oxford University Press, " _c2007 |
||
| 300 |
_a"xvi, 185p. Bib: p 181-182" _ccm. |
||
| 942 |
_h"Y:3(NA)v.44Q743, P7" _cCC |
||
| 999 |
_c692058 _d692058 |
||